书目信息 |
| 题名: |
时间重生
|
|
| 作者: | 斯莫林 著 ;钟益鸣 译 | |
| 分册: | ||
| 出版信息: | 杭州 浙江人民出版社 2017.02 |
|
| 页数: | 270页 | |
| 开本: | 23cm | |
| 丛书名: | ||
| 单 册: | ||
| 中图分类: | P19 | |
| 科图分类: | ||
| 主题词: | 时间--研究 | |
| 电子资源: | ||
| ISBN: | 978-7-213-07852-1 | |
| 000 | 01181nam0 2200253 450 | |
| 001 | 3660 | |
| 005 | 20181008114243.27 | |
| 010 | @a978-7-213-07852-1@dCNY69.90 | |
| 100 | @a20170328d2017 em y0chiy50 ea | |
| 101 | 1 | @achi@ceng |
| 102 | @aCN@b330000 | |
| 105 | @aa z 000yy | |
| 200 | 1 | @a时间重生@9shi jian chong sheng@e从物理学危机到宇宙的未来@dTime reborn@efrom the crisis in physics to the future of the universe@f(美)李·斯莫林(Lee Smolin)著@g钟益鸣译@zeng |
| 210 | @a杭州@c浙江人民出版社@d2017.02 | |
| 215 | @a270页@c图@d23cm | |
| 300 | @a湛庐文化 财富汇 | |
| 330 | @a本书作者李·斯莫林教授认为,在量子力学的诠释中,在量子力学与时空、引力与宇宙学的大统一中,时间发挥着至关重要的作用。这种时间观,是如何形成的。在将时间驱逐出物理学与宇宙学研究的过程中,我们会付出什么代价,在接受时间真实性之后,我们又将付出什么,收获什么,书中将告诉你答案和一个与众不同的时间观。 | |
| 510 | 1 | @aTime reborn from the crisis in physics to the future of the universe@zeng |
| 606 | 0 | @a时间@x研究 |
| 690 | @aP19@v5 | |
| 701 | 0 | @c(美)@a斯莫林@9si mo lin@c(Smolin, Lee@f1955-)@4著 |
| 702 | 0 | @a钟益鸣@9zhong yi ming@4译 |
| 801 | 0 | @aCN@b91MARC@c20170328 |
| 905 | @aMuseLib@dP19@e266 | |
| 时间重生:从物理学危机到宇宙的未来=Time reborn:from the crisis in physics to the future of the universe/(美)李·斯莫林(Lee Smolin)著/钟益鸣译.-杭州:浙江人民出版社,2017.02 |
| 270页:图;23cm |
| 湛庐文化 财富汇 |
| ISBN 978-7-213-07852-1:CNY69.90 |
| 本书作者李·斯莫林教授认为,在量子力学的诠释中,在量子力学与时空、引力与宇宙学的大统一中,时间发挥着至关重要的作用。这种时间观,是如何形成的。在将时间驱逐出物理学与宇宙学研究的过程中,我们会付出什么代价,在接受时间真实性之后,我们又将付出什么,收获什么,书中将告诉你答案和一个与众不同的时间观。 |
| ● |
| 相关链接 |
|
|
|
|
正题名:时间重生
索取号:P19/266
 
预约/预借
| 序号 | 登录号 | 条形码 | 馆藏地/架位号 | 状态 | 备注 |
| 1 | 1123092 | 211230924 | 第二样本阅览室/ [索取号:P19/266] | 在馆 | |
| 2 | 1123093 | 211230933 | 第三借阅区/ [索取号:P19/266] | 在馆 | |
| 3 | 1123094 | 211230942 | 第三借阅区/ [索取号:P19/266] | 在馆 | |
| 4 | 1123095 | 211230951 | 第三借阅区/ [索取号:P19/266] | 在馆 | |
| 5 | 1123096 | 211230960 | 密集书库-资源管理系/ [索取号:P19/266] | 在馆 |